Emerging India : (Record no. 3426)

MARC details
000 -LEADER
fixed length control field 00761cam a2200205 4500
001 - CONTROL NUMBER
control field 4175
005 - DATE AND TIME OF LATEST TRANSACTION
control field 20181127172801.0
008 - FIXED-LENGTH DATA ELEMENTS--GENERAL INFORMATION
fixed length control field 120217s2012 ii b 001 0 eng
010 ## - LIBRARY OF CONGRESS CONTROL NUMBER
LC control number 2012335960
020 ## - INTERNATIONAL STANDARD BOOK NUMBER
International Standard Book Number 9780670085873
043 ## - GEOGRAPHIC AREA CODE
Geographic area code a-ii---
100 1# - MAIN ENTRY--PERSONAL NAME
Personal name Jalan, Bimal.
245 10 - TITLE STATEMENT
Title Emerging India :
Remainder of title economics, politics, and reforms /
Statement of responsibility, etc. Bimal Jalan.
260 ## - PUBLICATION, DISTRIBUTION, ETC.
Place of publication, distribution, etc. New Delhi :
Name of publisher, distributor, etc. Penguin, Viking,
Date of publication, distribution, etc. 2012.
300 ## - PHYSICAL DESCRIPTION
Extent xxviii, 307 p. ;
Dimensions 23 cm.
504 ## - BIBLIOGRAPHY, ETC. NOTE
Bibliography, etc. note Includes bibliographical references and index.
650 #0 - SUBJECT ADDED ENTRY--TOPICAL TERM
Topical term or geographic name entry element Monetary policy
Geographic subdivision India.
651 #0 - SUBJECT ADDED ENTRY--GEOGRAPHIC NAME
Geographic name India
General subdivision Economic policy
Chronological subdivision 1991-
856 ## - ELECTRONIC LOCATION AND ACCESS
Host name
Uniform Resource Identifier <a href="http://books.google.bt/books?vid=ISBN9780670085873&printsec=frontcover&redir_esc=y#v=onepage&q&f=true">http://books.google.bt/books?vid=ISBN9780670085873&printsec=frontcover&redir_esc=y#v=onepage&q&f=true</a>
Link text Link to Google Books Copy(Incomplete Version).
Public note
Materials specified
Holdings
Withdrawn status Lost status Source of classification or shelving scheme Damaged status Not for loan Collection code Home library Current library Shelving location Serial Enumeration / chronology Inventory number Total Checkouts Full call number Barcode Date last seen Price effective from Koha item type
    Dewey Decimal Classification     Main TEST RTC Library RTC Library Main opac 4778   320.954 JAL 30006833 27/11/2018 27/11/2018 Main
Royal Thimphu College || All Right Reserved